CLOUD COMPUTING (Record no. 34410)
[ view plain ]
| 000 -LEADER | |
|---|---|
| fixed length control field | 00246nam a22001217a 4500 |
| 003 - CONTROL NUMBER IDENTIFIER | |
| control field | SGT |
| 082 ## - DEWEY DECIMAL CLASSIFICATION NUMBER | |
| Classification number | 004.6782,BUY |
| 100 ## - MAIN ENTRY--PERSONAL NAME | |
| Personal name | BUYYA,RAJKUMAR |
| 245 ## - TITLE STATEMENT | |
| Title | CLOUD COMPUTING |
| 260 ## - PUBLICATION, DISTRIBUTION, ETC. (IMPRINT) | |
| Name of publisher, distributor, etc | WILEY PU. |
| Year of Publication | 2016 |
| 300 ## - PAGE DESCRIPTION | |
| No. of Pages | 637 |
| 942 ## - ADDED ENTRY ELEMENTS (KOHA) | |
| Source of classification or shelving scheme | Dewey Decimal Classification |
| Koha item type | Gifted Books |
| Withdrawn status | Lost status | Source of classification or shelving scheme | Damaged status | Not for loan | Collection code | Home library | Current library | Shelving location | Date acquired | Vendor Name | SGTU | Total Checkouts | Full call number | Accession No. (Barcode) | Date last seen | Bill Date | Koha item type |
|---|---|---|---|---|---|---|---|---|---|---|---|---|---|---|---|---|---|
| Dewey Decimal Classification | ENGINEERING | SGT Engineering Library | SGT Engineering Library | Text Book | 19/03/2026 | GIFTED | SGTU | 004.6782,BUY | FE9534 | 19/03/2026 | 19/03/2026 | Gifted Books |